header

Places of possibility (Record no. 67559)

MARC details
000 -LEADER
fixed length control field 01596nam a2200385 a 4500
082 04 - DEWEY DECIMAL CLASSIFICATION NUMBER
Classification number 333.3/1411
100 1# - MAIN ENTRY--AUTHOR NAME
Personal name Mackenzie, Fiona
245 10 - TITLE STATEMENT
Title Places of possibility
260 ## - PUBLICATION, DISTRIBUTION, ETC. (IMPRINT)
Place of publication Chichester ;
-- Malden, Mass. :
Name of publisher John Wiley & Sons,
Year of publication c2013.
300 ## - PHYSICAL DESCRIPTION
Number of Pages xiv, 256 p. :
Other physical details ill, maps.
490 0# - SERIES STATEMENT
Series statement Antipode book series
505 0# - FORMATTED CONTENTS NOTE
Formatted contents note Placing possibility -- Working property -- Working nature -- Working the wind -- Working places -- Conclusion - working possibilities.
650 #0 - SUBJECT ADDED ENTRY--TOPICAL TERM
Topical Term Land reform
Topical Term Land tenure
Topical Term Commons
Topical Term Right of property
856 40 - ELECTRONIC LOCATION AND ACCESS
Uniform Resource Identifier http://site.ebrary.com/lib/rucke/Doc?id=10626253

No items available.

© 2026 Rongo University
Contact us: librarian | system librarian | Rongo university